Оповідання з обох кишень (Запис № 306474)

МАРК-запис
000 -Лідер
fixed length control field 00652nam a22002417a 4500
001 - Контрольний номер
control field 20298
003 - Ідентифікатор контрольного номера
control field UA-OsUOA
005 - Дата та час останнього входження (трансакції)
control field 20190924111833.0
007 - Фіксоване поле фізичного опису
fixed length control field ta
008 - Елементи даних фіксованої довжини – загальна інформація
fixed length control field 20031021b un ||||| |||| 00| 0 ukr d
040 ## - Джерело каталогізації
Агенція оригінальної каталогізації UA-OsUOA
Мова каталогізації rus
Агенція, яка здійснювала перезапис UA-OsUOA
Агенція, яка здійснювала модифікацію UA-OsUOA
041 ## - Код мови
Код мови тексту/ звукової доріжки чи окремого заголовка (П) rus
044 ## - Код країни видавця/ виробника
Код країни видавця/ виробника (П) RU
080 ## - Індекс Універсальної десяткової класифікації
Індекс Універсальної десяткової класифікації (УДК) (НП) 821.162.3
090 ## - Локальний шифр розміщення
Класифікаційний індекс УДК 821.162.3
Авторський знак (НП) У-19
100 ## - Основне введення – ім’я особи
Ім’я особи (НП) Чапек Карел
245 ## - Відомості про назву
Назва (НП) Оповідання з обох кишень
Дані про відповідальність (НП) Карел Чапек ; перекл. з чеської Клим Забарило
260 ## - Публікація, розповсюдження і т.п. (Вихідні дані)
Місце публікації, розповсюдження і т.п. (П) Київ
Ім’я/ наймення видавництва, розповсюджувача і т.п. (П) Дніпро
Дата публікації, розповсюдження і т.п. (П) 1970
300 ## - Фізичний опис
Обсяг 478 с.
650 #7 - Додаткове предметне введення – тематичний термін
Джерело заголовка чи терміна UDC
942 ## - Додаткові елементи входу (Коха)
Тип елемента Koha Книги
Source of classification or shelving scheme Universal Decimal Classification
955 ## - Код типу видання за змістом
Код типу видання за змістом (НП) інше
Фонди
Стан вилучень Стан втрат Джерело класифікації або схеми стелажів Стан уражень Не для кредиту Постійне місце розташування Поточне розміщення Дата придбання Інвентарний номер Усього замовленно Повний номер виклику Штрих-код Дата останнього перегляду Ціна ефективна від Тип елемента Koha Джерело придбання
    Universal Decimal Classification     АБ - Абонемент НБ АБ - Абонемент НБ 21/10/2003 16711   821.162.3 У-19 16711 19/05/2022 21/10/2003 Книги  
    Universal Decimal Classification     АБ - Абонемент НБ АБ - Абонемент НБ 20/09/2010 16712   821.162.3 У-19 16712 30/06/2022 20/09/2019 Книги 2010-09-20